| 000 | 01100nam a22003257a 4500 | ||
|---|---|---|---|
| 003 | CHAP | ||
| 005 | 20220329134016.0 | ||
| 008 | 971013s1981 r 00010 d | ||
| 010 | _a14024 | ||
| 011 | _a14996 | ||
| 035 | _a19070 | ||
| 040 | _cCHAP | ||
| 090 | _aTesis | ||
| 100 | 0 | 0 |
_aGonzález González, Nefhtalí. _948974 |
| 245 | _aEvaluación de 10 genotipos de soya (Glycine max L. Merrill) bajo condiciones de temporal, en Villa Mainero, Tamps., verano, 1975 | ||
| 260 |
_aMarín, N.L. : _bEl autor, _c1981 |
||
| 300 |
_a62 h. _b: tablas |
||
| 502 | _aTesis (Ing. Agrónomo Fitotecnista) -- UANL. Fac. de Agronomía | ||
| 590 |
_aALEPH _b10 _c20130110 _lUCH01 _h1234 |
||
| 590 |
_aBATCH-UPD _b10 _c20130110 _lUCH01 _h1604 |
||
| 590 |
_aBATCH-UPD _b10 _c20130410 _lUCH01 _h1001 |
||
| 590 |
_aBATCH-UPD _b10 _c20130914 _lUCH01 _h2032 |
||
| 590 |
_aCONVERSION _b10 _c20130109 _lUCH01 _h1309 |
||
| 650 | 1 | 4 |
_aSoya _xGenética. _9109054 |
| 650 | 1 | 4 |
_aSoya _xRendimiento. _9109084 |
| 650 | 1 | 4 |
_aSoya _xTamaulipas. _9109092 |
| 901 | _aBK | ||
| 942 | _cTESIS | ||
| 949 |
_bBC _cTES _d-44264 _eTS1 _i19070 _si |
||
| 999 |
_c14024 _d14024 |
||